000 01713na a2200397 4500
001 22997
003 MIRAKIL
005 20181213155249.0
008 170305b tu 000 0
035 _a13419
040 _aMilas
_btur
_cTR-AnCHP
041 _atur
082 _aCHP 324.9561
_bB55 1993/11
090 _aCHP 324.9561 B55 1993/11
091 _aARŞİV-SEÇMEN ARAŞTIRMALARI
245 _a1994 yerel seçimlerine doğru belediyyelerin genel değerlendirmesi
_bKasım 1993
_c[hazırlayan] Sonar Araştırma ve Pazarlama
246 _a1994 siyasi eğilim araştrması
260 _aAnkara
_bSonar
_cKasım 1993
300 _akrş s. (yaklaşık 50 s.)
_btbl.; grf.
_c30 sm.
500 _aYerel numaradaki sayılar raporun sunulduğu ayları temsil eder : Ocak -1 ; Şubat - 2 ; Mart - 3 ; Nisan - 4 ; Mayıs - 5; Haziran - 6 ; Temmuz - 7; Ağustos - 8; Eylül - 9; Ekim - 10; Kasım - 11 ; Aralık - 12.
610 _aCHP
_xKamuoyu araştırmaları
_ySiyasal eğilim
_zTürkiye
650 _aSiyasal eğilim
_zTürkiye
650 _aYerel yönetimler
_xKamuoyu araştırmaları
_ySiyasal eğilim
_zTürkiye
650 _aKamuoyu araştırmaları
_xYerel seçimler, 1994
_zTürkiye
650 _aYerel yönetimler
_xKamuoyu araştırmaları
_zTürkiye
651 _aTürkiye
_xSiyaset ve yönetim
657 _aCHP siyasal eğilim araştırması
657 _aCHP kamuoyu araştırması
657 _aCHP seçmen araştrması
710 _aSonar Araştırma ve Pazarlama
740 _a1994 siyasal eğilim araştırmaları
740 _a1994 kamuoyu araştırmaları
740 _a1994 seçmen araştırmaları
942 _2ddc
_cBKS
999 _c9517
_d9517